Statistiques concernant Vainqueurs de la Liga (coach, capitaine, meilleur buteur)

Cliquez ici pour prendre le quiz!

Statistiques générales

  • Ce quiz a été pris 215 fois
    (17 depuis la dernière actualisation)
  • Le résultat moyen est 57 sur 68

Statistiques - réponses

HintRéponse% Correct
2013/14Atletico Madrid
100%
2020/21Atletico Madrid
100%
Carlo Ancelotti
100%
Carlo Ancelotti
100%
2008/09FC Barcelone
100%
2009/10FC Barcelone
100%
2010/11FC Barcelone
100%
2012/13FC Barcelone
100%
2022/23FC Barcelone
100%
2014/15FC Barcelone
100%
2015/16FC Barcelone
100%
2017/18FC Barcelone
100%
2018/19FC Barcelone
100%
2007/08Real Madrid
100%
2021/22Real Madrid
100%
Real Madrid
100%
2019/20Real Madrid
100%
2011/12Real Madrid
100%
2016/17Real Madrid
100%
Xavi
100%
Xavi
100%
Cristiano Ronaldo
93%
Cristiano Ronaldo
93%
Diego Simeone
93%
Diego Simeone
93%
Karim Benzema
93%
Karim Benzema
93%
Lionel Messi
93%
Lionel Messi
93%
Lionel Messi
93%
Lionel Messi
93%
Lionel Messi
93%
Lionel Messi
93%
Lionel Messi
93%
Lionel Messi
93%
Luis Enrique
93%
Luis Enrique
93%
Luis Suárez
93%
Luis Suárez
93%
Zinédine Zidane
93%
Zinédine Zidane
93%
Andrés Iniesta
86%
Carles Puyol
86%
Carles Puyol
86%
Carles Puyol
86%
José Mourinho
86%
Jude Bellingham
86%
Pep Guardiola
86%
Pep Guardiola
86%
Pep Guardiola
86%
Sergio Ramos
86%
Sergio Ramos
86%
Nacho Fernández
71%
Robert Lewandowski
71%
Samuel Eto'o
71%
Diego Costa
64%
Koke
64%
Sergio Busquets
64%
Marcelo
57%
Raúl
57%
Raúl
57%
Eric Abidal
50%
Ernesto Valverde
43%
Ernesto Valverde
43%
Gabi
43%
Iker Casillas
43%
Tito Vilanova
29%
Bernd Schuster
0%

Distribution des résultats

Percentile par nombre de réponses

% des personnes avec chaque résultat

Votre développement - résultats

Vous n’avez pas pris ce quiz depuis la dernière actualisation